Toutes les équipes de NBA - Statistiques

Statistiques générales
  • Ce quiz a été pris 27 fois
    14 depuis la dernière actualisation
  • Le résultat moyen est 21 sur 30
Statistiques - réponses
Réponse % Correct
Los Angeles
100%
Los Angeles
100%
Denver Nuggets
92%
Boston Celtics
83%
Charlotte Hornets
83%
Chicago Bulls
83%
Golden State Warriors
83%
Miami
83%
San Antonio Spurs
83%
Indiana Pacers
75%
New York
75%
Oklahoma
75%
Sacramento Kings
75%
Toronto Raptors
75%
Brooklyn Nets
67%
Houston
67%
Memphis
67%
Milwaukee
67%
Washington Wizard
67%
Atlanta Hawks
58%
Cleveland Cavaliers
58%
Dallas Mavericks
58%
Detroit Pistons
58%
Minnesota
58%
New Orleans
58%
Orlando
58%
Phoenix Suns
58%
Portland Trail Blazers
58%
Utah Jazz
58%
Philadelphie Sixters
0%
Aucun quiz correspondant
Distribution des résultats
% des personnes avec chaque résultat
Percentile par nombre de réponses
Votre historique - résultats
Vous n’avez pas pris ce quiz depuis la dernière actualisation